000 00919nas a2200325 4500
001 BR2015003925
003 BR-BrBNA
005 20231205125535.0
007 ta
008 230509b bl.|||p| |||| 00| 00por d
040 _aBR-BrBNA
_bpor
_cBiblioteca Nacional de Agricultura
041 _a(En)
072 _aF03
100 1 _aWeirich Neto, P.H.
100 1 _aJustino, A.
100 1 _aNamur, R.T.
100 1 _aDomingues, J.
100 1 _aGarcia, L.C.
245 1 _aComparison of metering mechanisms of corn seed
650 _aSEMENTE
650 _aMILHO
650 _aZEA MAYS
650 _aPLANTIO DIRETO
650 _aANALISE
650 _aRENDIMENTO
773 0 _tEngenharia Agrícola (Brazil)
_xISSN 1809-4430
_g(Sep-Oct 2012), v. 32(5) p. 981-988
_wBR2015003925
856 4 0 _uhttp://www.scielo.br/pdf/eagri/v32n5/17.pdf
909 _a202311
_bLúcia
_c55
_dLúcia Elande
942 _2AGRIS
_n0
_cANA
999 _c244838
_d244838